Annual Report 24 April 1992 - 6 May 1993 (Record no. 2999)

MARC details
000 -LEADER
fixed length control field 00362nam a22001217a 4500
008 - FIXED-LENGTH DATA ELEMENTS--GENERAL INFORMATION
fixed length control field 230629b xxu||||| |||| 00| 0 eng d
082 ## - DEWEY DECIMAL CLASSIFICATION NUMBER
Classification number 338.9
Item number UN 1993
245 ## - TITLE STATEMENT
Title Annual Report 24 April 1992 - 6 May 1993
Remainder of title Economic and Social Council Official Records, 1993
260 ## - PUBLICATION, DISTRIBUTION, ETC. (IMPRINT)
Name of publisher, distributor, etc. United Nations
Date of publication, distribution, etc. 1993
300 ## - PHYSICAL DESCRIPTION
Extent VI,107p
440 ## - SERIES STATEMENT/ADDED ENTRY--TITLE
Number of part/section of a work 18
Name of part/section of a work Supplement
942 ## - ADDED ENTRY ELEMENTS (KOHA)
Source of classification or shelving scheme Dewey Decimal Classification
Koha item type Books
Holdings
Withdrawn status Lost status Source of classification or shelving scheme Damaged status Not for loan Home library Current library Date acquired Total Checkouts Full call number Barcode Date last seen Price effective from Koha item type
    Dewey Decimal Classification     County Hall Archives County Hall Archives 06/29/2023   338.9 UN 1993 10011701 06/29/2023 06/29/2023 Books
LIBRARY OPENING HOURS

When the Parliament is sitting: 8.00a.m - 7.00p.m or until the house adjourns
Mondays and Fridays and when the House is on Recess:  8.00a.m - 5.00p.m
Closed on Weekends and Public Holidays

Online Public Access Catalog (OPAC)
Website: http://www.parliament.go.ke
Bunge Library: https://libraryir.parliament.go.ke
Contact: library@parliament.go.ke | Tel no: (254-2)2221291 or 2848000 Ext 5043